La hojarasca
Αποθηκεύτηκε σε:
| Κύριος συγγραφέας: | |
|---|---|
| Μορφή: | Βιβλίο |
| Γλώσσα: | Spanish |
| Δημοσίευση: |
Bogota :
La Oveja Negra,
1980.
|
| Θέματα: | |
| Ετικέτες: |
Προσθήκη ετικέτας
Δεν υπάρχουν, Καταχωρήστε ετικέτα πρώτοι!
|
MARC
| LEADER | 00000cam a2200000 i 4500 | ||
|---|---|---|---|
| 001 | 1/19463 | ||
| 008 | 120511s1980 ck | ||| |||| ||spa|| | ||
| 035 | |l 10112441 | ||
| 040 | |a GR-MyUa |b gre |e AACR2 | ||
| 041 | 0 | |a spa | |
| 082 | 7 | |a 863 |2 (22) | |
| 100 | 1 | |a Garcia Márquez, Gabriel, |d 1928-2014. | |
| 245 | 1 | 3 | |a La hojarasca / |c Gabriel Garcia Márquez. |
| 260 | |a Bogota : |b La Oveja Negra, |c 1980. | ||
| 300 | |a 134 σ. ; |c 18 εκ. | ||
| 650 | 0 | |a Colombian fiction. | |
| 852 | |a INST |b SYROS |e 20120511 |h 863 GAR |p 005500010137 |q 005500010137 |t BK |y 0 | ||
| 901 | |a BIBL5-2012-1 | ||
| 970 | |a Τσουκαλά |b Αλίκη |z 02/05/2012 | ||